00913nam a22002297a 45000010005000000030006000050050017000110080041000280200018000690400029000870500009001160820010001251000018001352450082001532600050002353000047002855050007003325200278003395210029006175210018006466500019006647426FISKH20251020145242.0250715b cb ||||| |||| 00| 0 eng d a9781730162084 aFISKHbengcFISKHdFISKH aPZ7  a155.4 aPrakash, Ved  aBully : bCharacter-building stories for children /cConceived by Ved Prakash aNew Delhi : bDreamland Publications, c2012. a24 pages : bcolor illustrations ; c28 cm aK  aReading books is a kind of enjoyment. Reading books is a good habit. We bring you a different kinds of books. You can carry this book where ever you want. It is easy to carry. It can be an ideal gift to yourself and to your loved ones. Care instruction keep away from fire.8 a510 bLexile estimate 8 aK bRaz-Plus  aSTORIESvMORAL